000 01661cam a22004814i 4500
003 PE-LiUPU
005 20250731173049.0
008 180104s2017 xxua rb 001 0 eng d
020 _a9781532602979
035 _a(Sirsi) a240850
040 _aPE-LiUPU
_bspa
_cPE-LiUPU
_erda
049 _aPRUA
082 0 4 _a259.081
_bD31
_223
100 1 _aDavis, Woody L.,
_eautor.
245 1 0 _aChurch talk makes men walk :
_bwhat the research shows and what to do /
_cWoody L. Davis.
250 _aThird edition.
264 1 _aOregon :
_bWipf & Stock;
_c2017
300 _a288 páginas :
_bilustraciones ;
_c24 centímetros.
336 _atext
_2rdacontent
337 _aunmediated
_2rdamedia
338 _avolume
_2rdacarrier
504 _aBibliografía : páginas 271-280.
504 _aÍndice : páginas 281-284.
505 0 _aThe missing men -- So what should we do? -- The woeds we use -- What should we do about the topics we choose? -- How we talk -- So now what do we do? -- Where do we go from here?.
526 _aSEG42
526 _aSEG41
526 _aSEG40
526 _aSEG39
526 _aP94
526 _aP87
526 _aP86
526 _aP85
526 _aP77
526 _aP76
526 _aP35
650 0 4 _aElectronic books.
650 0 4 _aLibros electronicos.
_91512
910 _adbm
_bksl
_cksl
_d20180104
596 _a1
942 _2ddc
_cBOOK
999 _a259.081 D31
_wLC
_c26544
_i77916
_f2021-11-10
_g4
_lCCODEBUL1
_mBUL
_p32.70
_r0
_sY
_tBOOK
_u2018-1-4
_xTEOLOGIA
_PP85
_0DONACION
_o.STAFF. Colección Teología
_d26544
980 _81
_gALBERTO SANCHEZ Responsable de Automatización